000 01106nam a2200265Ia 4500
999 _c39959
_d39959
001 6565
003 GE_BSU
005 20191023160855.0
008 181216s1962||||ge |||||||||||||| ||geo||
040 _cGE_BSU
041 _ageo
080 _a821.353.1-1 ბ-58
100 _aბესიკი
_94960
245 _aთხზულებანი :
_bტექსტი, შენიშვნები, ლექსიკონი /
_cბესიკი ; ალ. ბარამიძისა და ვ. თოფურიას რედაქციით.
250 _aმეექვსე გამოცემა
264 _aთბილისი :
_bსაბჭ. მწერალი ;
_c1962.
300 _a360 გვ. ;
_c21 სმ.
653 _aთხზულებანი
653 _aტექსტი
653 _aშენიშვნები
653 _aლექსიკონი
700 _aბარამიძე, ალ.
_eრედაქტორი
_94433
700 _aთოფურია, ვ.
_eრედაქტორი
_91040
942 _cBK
_2udc